Le Mexique de A à Z - Statistiques

Statistiques générales
  • Ce quiz a été pris 1 217 fois
  • Le résultat moyen est 10 sur 26
Statistiques - réponses
Lettre Indice Réponse % Correct
E Langue parlée par 99% des mexicains Espagnol mexicain
97%
C Ville la plus touristique du Mexique située dans l'État du Quintana Roo Cancún
78%
S Mot utilisé en français pour désigner des chapeaux mexicains à bords recourbés Sombrero
75%
H Nom de famille le plus courant du Mexique, très loin devant le deuxième (Garcia) Hernández
69%
K Peintre mexicaine de la première moitié du XXe siècle, sa popularité a explosé à l'international dans les années 2010 Frida Kahlo
68%
A Célèbre ville balnéaire de la côte Pacifique mexicaine Acapulco
62%
J Variété mexicaine de piment utilisée dans la préparation du chipotle ou mangée fraiche en tranche Jalapeño
60%
G Capitale de l'État de Jalisco, troisième ville la plus peuplée du pays Guadalajara
59%
Y Péninsule au sud-est du Mexique, elle borde la mer des Caraïbes et le golfe du Mexique Yucatán
55%
D Fête chrétienne mexicaine mise en scène dans le film d'animation "Coco" Día de los Muertos
51%
L Nom du catch mexicain, la majorité de ses pratiquants portent un masque Lucha libre
43%
B Péninsule au nord-ouest du Mexique, on trouve Cabo San Lucas à son extrémité Basse-Californie
38%
M Seconde agglomération mexicaine, située au nord-est du pays Monterrey
38%
Z Figure emblématique de la Révolution mexicaine de 1910 Emiliano Zapata
35%
T Capitale de l'Empire aztèque qui a servi de fondation à la ville de Mexico Tenochtitlan
35%
Q Incarnation du "Serpent à plumes", l'une des principales divinités mésoaméricaines Quetzalcóatl
31%
F Roi de l'Espagne lors de la proclamation d'indépendance du Mexique Ferdinand VII
24%
P Quatrième ville du Mexique située à 110km de Mexico Puebla
22%
V État à la forme allongée qui borde le golfe du Mexique Veracruz
20%
R Époux de "K", célèbre pour ses peintures murales et son engagement envers le communisme Diego Rivera
18%
O État du sud du pays situé à la convergence entre la Sierra Madre del Sur et la Sierra Madre orientale Oaxaca
18%
I Population précolombienne de la branche des Mayas qui a bâti l'une des sept nouvelles merveilles du monde Itzá
11%
X Capitale de l'État "V" qui a donnée son nom au piment "J" Xalapa-Enríquez
10%
U Cité maya située au Sud de Mérida, voir vignette du quiz Uxmal
6%
N Principal groupe indigène du Mexique, ils seraient près de 3 millions Nahuas
2%
W Peuple indigène vivant dans la Sierra Madre occidentale, ils sont aussi appelés Huichols Wixárikas
1%
Aucun quiz correspondant
Distribution des résultats
% des personnes avec chaque résultat
Percentile par nombre de réponses
Votre historique - résultats
Vous n’avez pas pris ce quiz